A politizáló ipartestületi elnök

Elmentve itt :
Bibliográfiai részletek
Szerző: Berg János
Dokumentumtípus: Cikk
Megjelent: 1928-01-21
Sorozat:Délmagyarország 4 No. 17
Kulcsszavak:Körmendy Mátyás, Politikai élet Szeged 1928, Ipartestület Szeged 1928
Online Access:http://dmarchiv.bibl.u-szeged.hu/46396
LEADER 00510nab a2200157 i 4500
001 delm46396
005 20180927131901.0
008 180927s1928 hu o 0|| hun d
040 |a SZTE Délmagyarország Archívum  |b hun 
041 |a hun 
100 1 |a Berg János 
245 1 2 |a A politizáló ipartestületi elnök  |h [elektronikus dokumentum] /  |c  Berg János 
260 |c 1928-01-21 
300 |a 5-6 
490 0 |a Délmagyarország  |v 4 No. 17 
695 |a Körmendy Mátyás, Politikai élet Szeged 1928, Ipartestület Szeged 1928